Personnages Disney - Statistiques

Statistiques générales
  • Ce quiz a été pris 5 480 fois
  • Le résultat moyen est 99 sur 224
Statistiques - réponses
Films Personnages % Correct
La belle et la bête Belle
99%
Cendrillon Cendrillon
93%
Blanche Neige et les 7 nains Blanche neige
90%
Alice au pays des merveilles Alice
86%
Bambi Bambi
85%
Blanche Neige et les 7 nains Grincheux
85%
Peter Pan Peter
85%
Pinocchio Pinocchio
84%
La petite sirene Ariel
83%
La belle au bois dormant Aurore
82%
Aladdin Jasmine
82%
Le roi lion Simba
82%
Les aventures de Winnie l'ourson Winnie
82%
Aladdin Aladdin
81%
Blanche Neige et les 7 nains Atchoum
80%
Lilo et Stitch Lilo
80%
Blanche Neige et les 7 nains Simplet
80%
Lilo et Stitch Stitch
80%
Mulan Mulan
79%
La reine des neiges Anna
78%
La reine des neiges Elsa
78%
Hercules Hercule
78%
Le monde de Nemo Nemo
78%
Raiponce Raiponce
78%
Robin des bois Robin
78%
Rox et Rouky Rouky
78%
Rox et Rouky Rox
78%
Tarzan Tarzan
78%
Les aventures de Bernard et Bianca Bernard
77%
Les aventures de Bernard et Bianca Bianca
77%
Dumbo Dumbo
77%
Blanche Neige et les 7 nains Prof
77%
La belle et la bête Lumière
76%
Pocahontas Pocahontas
76%
Peter Pan Wendy
76%
La belle et la bête Gaston
75%
Blanche Neige et les 7 nains Dormeur
74%
Aladdin Jafar
74%
Le livre de la jungle Mowgli
74%
Bambi Pan Pan
74%
Toy story 1 . 2 et 3 Buzz
73%
Le roi lion Nala
73%
Vice Versa Colere
72%
Vice Versa Joie
72%
La reine des neiges Olaf
72%
Le roi lion Scar
72%
Le monde de Nemo Dory
71%
Vice Versa Tristesse
71%
Toy story 1 . 2 et 3 Woody
71%
Blanche Neige et les 7 nains Joyeux
70%
Les mondes de Ralph Ralph
70%
La princesse et la grenouille Tiana
70%
Kuzco Kuzco
69%
Les aristochats Marie
69%
Les aventures de Winnie l'ourson Tigrou
69%
Blanche Neige et les 7 nains Timide
69%
Mary Poppins Mary Poppins
68%
Le roi lion Mufasa
68%
Les aventures de Winnie l'ourson Porcinet
68%
Cendrillon Javotte
67%
Vice Versa Peur
67%
La petite sirene Polochon
67%
Le livre de la jungle Baloo
66%
Vice Versa Degout
66%
Cendrillon Gus
66%
Le roi lion Pumba
65%
Cendrillon Anastasie
64%
Cars Flash
64%
Tarzan Jane
64%
La petite sirene Sebastien
64%
Le bossu de notre dame Esmeralda
63%
Le roi lion Timon
63%
Peter Pan Capitaine Crochet
62%
La petite sirene Eric
62%
Les 101 dalmatiens Cruella
61%
La belle au bois dormant Maléfique
61%
La petite sirene Ursula
61%
Rebelle Merida
60%
Pinocchio Gepetto
59%
La belle et la bête Bigben
58%
Cendrillon Jack
58%
La belle et le clochard Clochard
57%
Bambi Fleur
57%
Aladdin Genie
57%
Peter Pan Jean
57%
La belle et le clochard Lady
57%
Peter Pan Clochette
56%
Ratatouille Remy
56%
Les aristochats Toulouse
56%
Les aristochats Berlioz
55%
Monstres et compagnie Bob
55%
Les aristochats Duchesse
54%
Le bossu de notre dame Quasimodo
54%
Hercules Hades
53%
La belle et le clochard Jim
52%
Les 101 dalmatiens Pongo
52%
Les aventures de Winnie l'ourson Bourriquet
51%
La reine des neiges Hans
49%
Aladdin Abu
48%
Monstres et compagnie Sully
48%
Cendrillon Lucifer
47%
Le monde de Nemo Marin
47%
Hercules Mégara
47%
Peter Pan Mouche
47%
Mulan Mushu
47%
Les indestructibles Violette
47%
Cars Martin
46%
La belle et la bête Zip
45%
Alice au pays des merveilles Le chapelier
43%
Pinocchio Jiminy
42%
La reine des neiges Kristoff
42%
Alice au pays des merveilles La reine de coeur
42%
Les 101 dalmatiens Perdita
42%
Pocahontas John Smith
41%
Robin des bois Petit Jean
41%
Toy story 1 . 2 et 3 Andy
40%
Toy story 1 . 2 et 3 Zigzag
40%
Zootopie Judy
38%
Robin des bois Marianne
38%
Toy story 1 . 2 et 3 Rex
38%
Le livre de la jungle Bagheera
37%
Les indestructibles Fleche
37%
Aladdin Iago
37%
Les indestructibles Jack Jack
37%
Le roi lion Zazu
37%
Raiponce Flynn Rider
36%
Peter Pan Michel
36%
La belle au bois dormant Pimprenelle
36%
Le roi lion Rafiki
36%
Vice Versa Riley
36%
Monstres et compagnie Boo
35%
Frere des ours Koda
35%
Alice au pays des merveilles Lapin blanc
35%
Raiponce Mere Gothel
35%
Toy story 1 . 2 et 3 Monsieur Patate
35%
Le livre de la jungle Kaa
33%
La belle et la bête Maurice
33%
Le bossu de notre dame Frollo
32%
Toy story 1 . 2 et 3 Jessy
32%
Zootopie Nick
32%
La princesse et la grenouille Louis
31%
Les aristochats O'malley
31%
Les mondes de Ralph Vanellope
31%
Les aristochats Edgar
29%
Ratatouille Linguini
29%
Lilo et Stitch Nani
28%
Kuzco Yzma
28%
La haut Carl
27%
Pinocchio Figaro
27%
La belle au bois dormant Flora
27%
La belle au bois dormant Paquerette
27%
Hercules Pegase
27%
Les 101 dalmatiens Roger
26%
Pinocchio Cléo
25%
La belle au bois dormant Prince Philippe
24%
Les aventures de Winnie l'ourson Jean Christophe
23%
Kuzco Kronk
23%
La princesse et la grenouille Prince Naveen
23%
La princesse et la grenouille Ray
23%
La belle et la bête Adam
22%
Ratatouille Colette
22%
Aladdin Le sultan
22%
Aladdin Rajah
22%
Cars Sally
22%
Le livre de la jungle Shere Kan
22%
Les 101 dalmatiens Anita
21%
La princesse et la grenouille Docteur Facilier
21%
Les indestructibles Edna
21%
La haut Doug
20%
La petite sirene Eureka
20%
La belle et la bête Mme. Samovar
20%
Les aventures de Bernard et Bianca Penny
20%
Le bossu de notre dame Phoebus
20%
Toy story 1 . 2 et 3 Bayonne
19%
Vice Versa Bing Bong
19%
Tarzan Clayton
19%
Ratatouille Emile
19%
Toy story 1 . 2 et 3 Lotso
19%
La haut Russell
19%
Cendrillon Lady Tremaine
18%
Dumbo Timothée
18%
La petite sirene Le roi Triton
17%
Pocahontas Meeko
17%
Kuzco Pacha
17%
Toy story 1 . 2 et 3 Barbie
16%
Les mondes de Ralph Felix
16%
Les 101 dalmatiens Jasper
16%
Toy story 1 . 2 et 3 Sid
16%
Tarzan Tantor
16%
Bambi Féline
15%
Les indestructibles Helene
15%
Les 101 dalmatiens Horace
15%
Les aventures de Bernard et Bianca Médusa
15%
Les aristochats Roquefort
15%
Frere des ours Kenai
14%
Peter Pan Lili la tigresse
14%
Les indestructibles Syndrome
14%
Toy story 1 . 2 et 3 Alien
13%
La belle et le clochard Darling
12%
La haut Ellie
12%
Pocahontas Ratcliffe
12%
Tarzan Kala
11%
Tarzan Kerchak
11%
Les indestructibles Robert
11%
Mulan Li Shang
10%
Le livre de la jungle Louie
10%
Tarzan Tok
10%
Alice au pays des merveilles Dinah
9%
Les aventures de Winnie l'ourson Gourou
9%
Mary Poppins Bert
8%
Alice au pays des merveilles Chat de Cheshire
7%
Les indestructibles Frozen
6%
Dumbo Madame Jumbo
6%
Les aventures de Bernard et Bianca Evinrude
5%
Mary Poppins Jane Banks
5%
Robin des bois Le prince Jean
5%
Mary Poppins Michael Banks
5%
Les aventures de Bernard et Bianca Orville
5%
Rebelle Reine Elinor
5%
Rebelle Roi Fergus
4%
Bambi Miss bunny
3%
La belle et le clochard Scamp
3%
Rox et Rouky Tartine
3%
Rox et Rouky Vicky
1%
Aucun quiz correspondant
Distribution des résultats
% des personnes avec chaque résultat
Percentile par nombre de réponses
Votre historique - résultats
Vous n’avez pas pris ce quiz